International rugby - Most Starts by Position - Statistics

General Stats
  • This quiz has been taken 158 times
    79 since last reset
  • The average score is 6 of 10
Answer Stats
Position Starts Player % Correct
Flanker 141 Richard McCaw
89%
1st Five/Flyhalf 94 Daniel Carter
84%
Lock 130 Alun Wyn Jones
73%
Midfield Back 140 Brian O'Driscoll
70%
Halfback/Scrumhalf 133 George Gregan
61%
Wing 122 Bryan Habana
52%
No 8 139 Sergio Parisse
44%
Prop 105 Tony Woodcock
42%
Hooker 102 Rory Best
39%
Fullback 83 Mils Muliaina
38%
No matching quizzes found
Score Distribution
Percent of People with Each Score
Percentile by Number Answered
Your Score History
You have not taken this quiz since the last reset